000 00306nam a22001337a 4500
008 171017b xxu||||| |||| 00| 0 eng d
020 _a9780073230603
041 _aeng
080 _23 ED
_a330.101.542
100 _a52
101 _aMIK
245 _aPRINCIPLES ECONOMICS
_cFRANK.R.H
942 _2udc
_cBK
999 _c34438
_d34438